000 00687cam a22002291 4500
001 sa 65002501
003 DLC
005 20260227112117.0
008 880323s1964 ii a 000 0 eng
010 _asa 65002501
025 _aPL480:I-E-E-678
035 _a(OCoLC)17665162
040 _aDLC
_cWaU
_dWaU
_dDLC
042 _apremarc
050 0 0 _aHC437.M28
_bA57
110 1 _aMadhya Pradesh (India).
_bDirectorate of Economics and Statistics.
245 1 0 _aThird five year plan progress report, 1962-63.
260 _a[Bhopal,
_c1964]
300 _a190 p.
_billus.
_c25 cm.
500 _aErrata slip mounted on verso of t.p.
651 0 _aMadhya Pradesh (India)
_xEconomic policy.
999 _c62670
_d62670